| 000 | 00745nam a2200205 a 4500 | ||
|---|---|---|---|
| 001 | 000329514 | ||
| 003 | AM-YeHGA | ||
| 005 | 20250618072052.0 | ||
| 008 | 040421s1903 aj |||||r|||||||||0|arm|d | ||
| 040 | _aAM-YeHGA | ||
| 041 | 1 |
_aarm _heng |
|
| 100 | 1 | _aԱնտոնիոս, Ի. | |
| 245 | 1 | 0 |
_aՎարդապետ : _bԼեհաստանի հայերի պատմութեան վերջին երեսը / _cDR. Antonius I. ; Թարգմ.՝ Մ. Բարխուդարեան. |
| 260 |
_aԲագու : _bտպ. Ս. Անտօնեանցի, _c1903. |
||
| 300 | _a48 էջ | ||
| 650 | 1 | 0 |
_aՀայոց պատմություն _zԼեհաստան |
| 700 | 1 |
_aԲարխուդարյան, Մակար, _d1832-1906 _eթարգմ. _4trl _92913 |
|
| 942 |
_2udc _cBK |
||
| 090 | _c124588 | ||
| 999 |
_c123234 _d123234 |
||